Novel Drugs Delivery Systems (Record no. 12998)

MARC details
000 -LEADER
fixed length control field 00495nam a22001937a 4500
003 - CONTROL NUMBER IDENTIFIER
control field OSt
008 - FIXED-LENGTH DATA ELEMENTS--GENERAL INFORMATION
fixed length control field 250117b |||||||| |||| 00| 0 eng d
020 ## - INTERNATIONAL STANDARD BOOK NUMBER
International Standard Book Number 9788194526377
082 ## - DEWEY DECIMAL CLASSIFICATION NUMBER
Classification number 615.6 KUN
100 ## - MAIN ENTRY--PERSONAL NAME
Personal name Kumar, Sarvesh.
245 ## - TITLE STATEMENT
Title Novel Drugs Delivery Systems
250 ## - EDITION STATEMENT
Edition statement Ist 2023
260 ## - PUBLICATION, DISTRIBUTION, ETC. (IMPRINT)
Place of publication, distribution, etc New Delhi
Name of publisher, distributor, etc Mackhingee Publisher
Date of publication, distribution, etc 2023
300 ## - PHYSICAL DESCRIPTION
Extent 223
650 ## - SUBJECT ADDED ENTRY--TOPICAL TERM
Topical term or geographic name as entry element Novel Drug Delivery Systems
700 ## - ADDED ENTRY--PERSONAL NAME
Personal name Singhal, Peeush
700 ## - ADDED ENTRY--PERSONAL NAME
Personal name Swami, Novneet and ets
942 ## - ADDED ENTRY ELEMENTS (KOHA)
Source of classification or shelving scheme Dewey Decimal Classification
Koha item type Text Books
Holdings
Withdrawn status Lost status Source of classification or shelving scheme Damaged status Use restrictions Not for loan Collection code Home library Current library Date acquired Source of acquisition Currency Cost, normal purchase price Bill Number Total Checkouts Full call number Acc. no. / Barcode Date last seen Actual Cost, discounted price Bill Date Koha item type Public note
    Dewey Decimal Classification   Restricted Access   B.Pharma PIET C-LIBRARY PIET C-LIBRARY 17/01/2025 Gautam Books Rs 243.75 GT/24-25/01227   615.6 KUN BP2576 17/01/2025 325.00 01/12/2024 Reference Books Decentralisation

Design & Developed by: PIET Central Library
R70 Miles Stone Pattikalyana Samalkha Panipat 132102
mail ID :- [email protected], Phone No:- 0180-2569700 Ex.216